000
00284nam a22001337a 4500
999
_c
162230
_d
162230
082
_a
_b
245
_a
Anmol english hindi dictionary/
_c
by Datta S C (ed.).
260
_a
New Delhi:
_b
Anmol,
_c
1993.
300
_a
364p.
600
_a
650
_a
700
_a
942
_c
BK